000
00364nam a2200145Ia 4500
008
100122s9999 xx 000 0 und d
082
_b
29859
_a
823
100
_a
मोरे महादेव
245
_a
झळा
260
_b
अजब पुस्तकालय
_c
1905
300
_a
249
630
_a
झळा
730
_a
झळा
942
_c
BOOK
999
_c
414944
_d
414941